[Event "Titled Tuesday intern op 12th Sep Early"]
[Site "Chess.com INT"]
[Date "2023.09.12"]
[Round "11"]
[White "Alexikov, Alexander"]
[Black "Lye, Sverre"]
[Result "1-0"]
[WhiteElo "2209"]
[BlackElo "1996"]
[PlyCount "59"]
[EventDate "2023.09.12"]
[EventType "swiss (blitz)"]
[EventRounds "11"]
[EventCountry "USA"]
[SourceTitle "EXT 2024"]
[Source "ChessBase"]
[SourceDate "2023.10.10"]
[SourceVersion "1"]
[SourceVersionDate "2023.10.10"]
[SourceQuality "1"]

1. e4 c5 2. Nf3 Nc6 3. c3 d5 4. exd5 Qxd5 5. d4 cxd4 6. cxd4 e6 7. Nc3 Qd8 8. Be2 Nf6 9. 0-0 Be7 10. a3 0-0 11. Bf4 Bd6 12. Bg5 h6 13. Bh4 Be7 14. Re1 Nd5 15. Bg3 Bf6 16. Qd3 b6 17. Bd1 Nxc3 18. bxc3 Bb7 19. Bc2 g6 20. Rxe6 Re8 21. Rd6 Qe7 22. h4 Na5 23. Re1 Qf8 24. Rxe8 Qxe8 25. Rxf6 Bxf3 26. Rxf3 Rc8 27. h5 Qe1+ 28. Kh2 Rxc3 29. Qxc3 Qxc3 30. Rxc3 1-0

[Event "Titled Tuesday intern op 12th Sep Early"]
[Site "Chess.com INT"]
[Date "2023.09.12"]
[Round "3"]
[White "Lye, Sverre"]
[Black "Koridze, Lile"]
[Result "0-1"]
[WhiteElo "1996"]
[BlackElo "2181"]
[PlyCount "80"]
[EventDate "2023.09.12"]
[EventType "swiss (blitz)"]
[EventRounds "11"]
[EventCountry "USA"]
[SourceTitle "EXT 2024"]
[Source "ChessBase"]
[SourceDate "2023.10.10"]
[SourceVersion "1"]
[SourceVersionDate "2023.10.10"]
[SourceQuality "1"]

1. e4 c5 2. Nf3 d6 3. c3 Nf6 4. Qc2 e5 5. d4 Nc6 6. dxe5 dxe5 7. Bb5 Bd6 8. 0-0 Qc7 9. Nbd2 0-0 10. Nc4 a6 11. Nxd6 Qxd6 12. Be2 h6 13. h3 Be6 14. Be3 Rfd8 15. Rfd1 Qe7 16. Nd2 b6 17. Nf1 Rxd1 18. Rxd1 b5 19. Ng3 Na5 20. b3 Qc7 21. Qd2 Qb7 22. Bxc5 Rc8 23. Bb4 Nc6 24. Bc5 Nb8 25. Qe3 Nbd7 26. Ba3 Qc6 27. Bb2 Nc5 28. f3 a5 29. Rc1 a4 30. b4 Nb7 31. a3 Nd6 32. Nf1 Nc4 33. Bxc4 Qxc4 34. Nd2 Qa2 35. Rb1 Bb3 36. Qe1 Bc2 37. Qc1 Bxb1 38. Nxb1 Nd7 39. Nd2 Nb6 40. Nf1 Nc4 0-1

[Event "Titled Tuesday intern op 12th Sep Early"]
[Site "Chess.com INT"]
[Date "2023.09.12"]
[Round "6"]
[White "Lye, Sverre"]
[Black "Player, Edmund C"]
[Result "1-0"]
[WhiteElo "1996"]
[BlackElo "2199"]
[PlyCount "91"]
[EventDate "2023.09.12"]
[EventType "swiss (blitz)"]
[EventRounds "11"]
[EventCountry "USA"]
[SourceTitle "EXT 2024"]
[Source "ChessBase"]
[SourceDate "2023.10.10"]
[SourceVersion "1"]
[SourceVersionDate "2023.10.10"]
[SourceQuality "1"]

1. e4 e5 2. Nf3 Nc6 3. d4 exd4 4. Bc4 Nf6 5. e5 d5 6. Bb5 Ne4 7. Nxd4 Bd7 8. Bxc6 bxc6 9. 0-0 Be7 10. f3 Ng5 11. f4 Ne4 12. c3 Rb8 13. Nd2 Nxd2 14. Qxd2 c5 15. Nb3 Bf5 16. Qf2 Rb5 17. Be3 Qb8 18. Bc1 0-0 19. h3 h5 20. Qf3 g6 21. Qxd5 Rd8 22. Qf3 a5 23. Rd1 Rxd1+ 24. Qxd1 a4 25. Nd2 Qb6 26. c4 Ra5 27. b3 a3 28. Nf3 Ra8 29. Be3 Rd8 30. Qe1 Qc6 31. Rd1 Be4 32. Rxd8+ Bxd8 33. Qf2 Be7 34. Nd2 Bd3 35. Qe1 Qe6 36. Bf2 Qf5 37. Be3 Bc2 38. Qc1 Qd3 39. Nf1 f6 40. Qxa3 fxe5 41. Qa8+ Kf7 42. fxe5 Bd1 43. Qd5+ Kg7 44. Qxd3 Bg4 45. hxg4 hxg4 46. Qd7 1-0

[Event "Titled Tuesday intern op 18th Jul Early"]
[Site "Chess.com INT"]
[Date "2023.07.18"]
[Round "8"]
[White "Martin, Lewis"]
[Black "Lye, Sverre"]
[Result "0-1"]
[WhiteElo "2135"]
[BlackElo "2107"]
[PlyCount "72"]
[EventDate "2023.07.18"]
[EventType "swiss (blitz)"]
[EventRounds "11"]
[EventCountry "USA"]
[SourceTitle "EXT 2024"]
[Source "ChessBase"]
[SourceDate "2023.10.10"]
[SourceVersion "1"]
[SourceVersionDate "2023.10.10"]
[SourceQuality "1"]

1. e4 c5 2. Nf3 Nc6 3. d4 cxd4 4. Nxd4 e5 5. Nb5 d6 6. N1c3 a6 7. Na3 b5 8. Nd5 Be7 9. c3 Nf6 10. Nxf6+ Bxf6 11. g3 0-0 12. Bg2 Bb7 13. 0-0 Ne7 14. Nc2 d5 15. exd5 Bxd5 16. Ne3 Bxg2 17. Kxg2 Qc7 18. Qc2 Rfd8 19. a4 Nd5 20. axb5 Nxe3+ 21. Bxe3 axb5 22. Rxa8 Rxa8 23. Qe4 Rc8 24. Rd1 Qc4 25. Qf5 Qc6+ 26. f3 g6 27. Qd3 Re8 28. Bh6 e4 29. fxe4 Rxe4 30. Qd5 Re2+ 31. Kf3 Qxd5+ 32. Rxd5 Rxh2 33. Rxb5 Rxh6 34. Rb7 Rh2 35. Ke4 h5 36. Kd3 Rg2 0-1

[Event "Titled Tuesday intern op 11th Jul Early"]
[Site "Chess.com INT"]
[Date "2023.07.11"]
[Round "8"]
[White "Lye, Sverre"]
[Black "Lux, Hugo de Melo"]
[Result "1-0"]
[WhiteElo "2107"]
[BlackElo "2324"]
[PlyCount "77"]
[EventDate "2023.07.11"]
[EventType "swiss (blitz)"]
[EventRounds "11"]
[EventCountry "USA"]
[SourceTitle "EXT 2024"]
[Source "ChessBase"]
[SourceDate "2023.10.10"]
[SourceVersion "1"]
[SourceVersionDate "2023.10.10"]
[SourceQuality "1"]

1. e4 e6 2. d4 d5 3. Bd3 dxe4 4. Bxe4 Nf6 5. Bf3 Bd6 6. Ne2 Nbd7 7. 0-0 0-0 8. c3 e5 9. dxe5 Nxe5 10. Nd4 c5 11. Nb5 Nxf3+ 12. Qxf3 Be7 13. Bf4 Qd5 14. Nc7 Qxf3 15. gxf3 Rb8 16. Na6 Ra8 17. Nc7 Bh3 18. Re1 Nh5 19. Nxa8 Nxf4 20. Rxe7 Rxa8 21. Nd2 Rd8 22. Rae1 Be6 23. Ne4 b6 24. Ng5 a5 25. Nxe6 Nxe6 26. Rb7 Ng5 27. Kg2 h5 28. Ree7 Rd6 29. h4 Ne6 30. Rxf7 c4 31. Rfd7 Rc6 32. Kg3 Kh8 33. Ra7 Rc5 34. Re7 Re5 35. Rab7 g5 36. Rxb6 gxh4+ 37. Kh2 Re2 38. Rb8+ Nd8 39. Rxd8# 1-0

[Event "Titled Tuesday intern op 27th Jun Early"]
[Site "Chess.com INT"]
[Date "2023.06.27"]
[Round "10"]
[White "Lye, Sverre"]
[Black "Clawitter, Craig"]
[Result "0-1"]
[WhiteElo "2173"]
[BlackElo "2050"]
[PlyCount "140"]
[EventDate "2023.06.27"]
[EventType "swiss (blitz)"]
[EventRounds "11"]
[EventCountry "USA"]
[SourceTitle "EXT 2024"]
[Source "ChessBase"]
[SourceDate "2023.10.10"]
[SourceVersion "1"]
[SourceVersionDate "2023.10.10"]
[SourceQuality "1"]

1. e4 e6 2. d4 d5 3. exd5 exd5 4. Bd3 Bd6 5. Nf3 Nc6 6. h3 Nge7 7. c3 Bf5 8. 0-0 f6 9. Qc2 Qd7 10. b4 0-0 11. a4 Rae8 12. Nbd2 Nd8 13. Nb3 Bxd3 14. Qxd3 c6 15. Nc5 Qf5 16. Bd2 b6 17. Qxf5 Nxf5 18. Nd3 Bc7 19. Rfe1 Nd6 20. Bf4 Ne6 21. Bg3 Kf7 22. Nd2 Re7 23. Nf4 Rfe8 24. Nxe6 Rxe6 25. Kf1 Rxe1+ 26. Rxe1 Rxe1+ 27. Kxe1 Ne8 28. Bxc7 Nxc7 29. Ke2 Ne8 30. Kd3 Nd6 31. c4 dxc4+ 32. Nxc4 Nxc4 33. Kxc4 Ke6 34. b5 Kd6 35. f4 g6 36. g3 f5 37. h4 h6 38. Kc3 Kd5 39. Kd3 c5 40. dxc5 Kxc5 41. Kc3 h5 42. Kb3 Kd4 43. Kb4 Ke3 44. a5 Kf3 45. axb6 axb6 46. Kc4 Kxg3 47. Kd5 Kxf4 48. Kc6 Kg4 49. Kxb6 f4 50. Ka7 f3 51. b6 f2 52. b7 f1Q 53. b8Q Qa1+ 54. Kb7 Qb2+ 55. Kc7 Qxb8+ 56. Kxb8 Kxh4 57. Kc7 g5 58. Kd6 g4 59. Ke5 g3 60. Ke4 g2 61. Ke3 g1Q+ 62. Ke2 Qg4+ 63. Kd3 Kg5 64. Kc3 h4 65. Kb3 h3 66. Kb2 h2 67. Kb3 h1Q 68. Kb2 Qh2+ 69. Kb3 Qhh3+ 70. Kb2 Qgg2+ 0-1

[Event "Norway Chess op"]
[Site "Stavanger"]
[Date "2023.05.30"]
[Round "6"]
[White "Lye, Sverre"]
[Black "Torfoss, Sivert Schanche"]
[Result "0-1"]
[WhiteElo "2173"]
[BlackElo "1833"]
[PlyCount "88"]
[EventDate "2023.05.27"]
[EventType "swiss"]
[EventRounds "10"]
[EventCountry "NOR"]
[SourceTitle "CBM 214 Extra"]
[Source "ChessBase"]
[SourceDate "2023.07.31"]
[SourceVersion "1"]
[SourceVersionDate "2023.07.31"]
[SourceQuality "1"]

1. e4 e5 2. Nf3 Nc6 3. Bb5 a6 4. Ba4 Nf6 5. d3 d6 6. c3 b5 7. Bc2 Be7 8. 0-0 0-0 9. a4 b4 10. a5 d5 11. Nbd2 dxe4 12. dxe4 Be6 13. Qe2 Qd6 14. Nb3 Qd8 15. Be3 Nd7 16. Nbd2 Qb8 17. Ng5 Bxg5 18. Bxg5 bxc3 19. bxc3 Qb2 20. Ba4 Qxc3 21. Rfc1 Nd4 22. Qe1 Qd3 23. Rxc7 Rfc8 24. Rxc8+ Rxc8 25. Be3 Nc5 26. Bd1 Nxe4 27. Nxe4 Qxe4 28. Qd2 Nb3 29. Bxb3 Bxb3 30. Rc1 Rxc1+ 31. Qxc1 Bc4 32. f3 Qd3 33. Kh1 h5 34. Qd2 Qb1+ 35. Bg1 Qf5 36. Qc3 Be2 37. Qe3 Bd3 38. Qe1 e4 39. fxe4 Bxe4 40. Bb6 h4 41. Qf2 Qg4 42. Kg1 h3 43. g3 Bd3 44. Qd2 Qf3 0-1

[Event "Fagernes op-A"]
[Site "Fagernes"]
[Date "2023.04.05"]
[Round "5"]
[White "Lye, Sverre"]
[Black "Nandhidhaa, PV."]
[Result "0-1"]
[WhiteElo "2212"]
[BlackElo "2362"]
[PlyCount "96"]
[EventDate "2023.04.02"]
[EventType "swiss"]
[EventRounds "9"]
[EventCountry "NOR"]
[SourceTitle "CBM 213 Extra"]
[Source "ChessBase"]
[SourceDate "2023.05.31"]
[SourceVersion "1"]
[SourceVersionDate "2023.05.31"]
[SourceQuality "1"]

1. e4 c5 2. Nf3 Nc6 3. Bb5 g6 4. Bxc6 dxc6 5. d3 Bg7 6. h3 Nf6 7. Nc3 Nd7 8. Be3 e5 9. 0-0 b6 10. a4 a5 11. Qd2 h6 12. Nh2 Nf8 13. f4 exf4 14. Bxf4 Ne6 15. Be3 h5 16. Rf2 Ra7 17. Raf1 Rd7 18. b3 Ba6 19. Nf3 Bxd3 20. Rd1 Ba6 21. Qe1 Rxd1 22. Nxd1 0-0 23. Rd2 Qe7 24. e5 Re8 25. Nf2 Nd4 26. Bxd4 cxd4 27. Rxd4 c5 28. Rf4 f5 29. Nd3 Bxd3 30. cxd3 Bxe5 31. Nxe5 Qxe5 32. Qxe5 Rxe5 33. d4 cxd4 34. Rxd4 Kf7 35. Kf2 Ke6 36. g4 Re4 37. gxf5+ Kxf5 38. Rd3 g5 39. Rd5+ Kf4 40. h4 gxh4 41. Rxh5 Kg4 42. Rh8 Rb4 43. Rg8+ Kh3 44. Rg6 Rxb3 45. Rg8 Rb2+ 46. Kg1 Rb4 47. Rb8 Kg3 48. Rg8+ Kf3 0-1

[Event "Fagernes op-A"]
[Site "Fagernes"]
[Date "2023.04.02"]
[Round "1"]
[White "Seo, Jung Min"]
[Black "Lye, Sverre"]
[Result "1-0"]
[WhiteElo "2500"]
[BlackElo "2212"]
[PlyCount "115"]
[EventDate "2023.04.02"]
[EventType "swiss"]
[EventRounds "9"]
[EventCountry "NOR"]
[SourceTitle "CBM 213 Extra"]
[Source "ChessBase"]
[SourceDate "2023.05.31"]
[SourceVersion "1"]
[SourceVersionDate "2023.05.31"]
[SourceQuality "1"]

1. Nf3 Nf6 2. c4 c5 3. Nc3 Nc6 4. g3 d5 5. cxd5 Nxd5 6. Bg2 Nxc3 7. bxc3 e5 8. 0-0 Be7 9. Rb1 0-0 10. d3 Qc7 11. Qc2 Be6 12. Rd1 Rac8 13. Ng5 Bd7 14. Be3 b6 15. Rbc1 h6 16. Nf3 Qb8 17. Qb1 Bf5 18. Nd2 Rfd8 19. Qb5 Bd7 20. Qb2 Be6 21. c4 f5 22. Nb1 Bf6 23. Nc3 Kh8 24. Qb1 Qc7 25. Bd2 g5 26. Nd5 Bxd5 27. Bxd5 Rd6 28. Bc3 Qg7 29. Qb2 Ne7 30. Bg2 Rcd8 31. Qc2 Nc6 32. e3 g4 33. Qe2 f4 34. exf4 exf4 35. Bxf6 Rxf6 36. Bxc6 Rxc6 37. Re1 Rcd6 38. Rcd1 f3 39. Qe4 Rd4 40. Qf5 Qg5 41. Qf7 Qg7 42. Re8+ Rxe8 43. Qxe8+ Qg8 44. Qe5+ Qg7 45. Qe6 Kh7 46. Re1 Rd8 47. h3 gxh3 48. Qf5+ Kh8 49. Qxf3 Rf8 50. Qh5 Qf6 51. Re2 Qf3 52. Qxh6+ Kg8 53. Qg6+ Kh8 54. Qe4 Qh5 55. Kh2 Rd8 56. Qe7 Rg8 57. Qf6+ Rg7 58. Re7 1-0

[Event "Kragero op"]
[Site "Kragero"]
[Date "2023.02.26"]
[Round "9"]
[White "Grave, Jacob Templen"]
[Black "Lye, Sverre"]
[Result "1-0"]
[WhiteElo "2211"]
[BlackElo "2063"]
[PlyCount "47"]
[EventDate "2023.02.22"]
[EventType "swiss"]
[EventRounds "9"]
[EventCountry "NOR"]
[SourceTitle "CBM 212 Extra"]
[Source "ChessBase"]
[SourceDate "2023.03.31"]
[SourceVersion "1"]
[SourceVersionDate "2023.03.31"]
[SourceQuality "1"]

1. d4 Nf6 2. c4 e6 3. g3 Bb4+ 4. Nd2 d5 5. Bg2 a5 6. a3 Be7 7. Ngf3 0-0 8. 0-0 c5 9. dxc5 Nbd7 10. b3 Nxc5 11. cxd5 Nxd5 12. Bb2 b5 13. Nd4 Qb6 14. e4 Nd3 15. exd5 Nxb2 16. Qc2 Bf6 17. dxe6 Ra7 18. Nc6 Rc7 19. Ne4 Be5 20. Ng5 f5 21. e7 Re8 22. Bd5+ Kh8 23. Nf7+ Kg8 24. Nfxe5+ 1-0

[Event "Kragero op"]
[Site "Kragero"]
[Date "2023.02.25"]
[Round "7"]
[White "Abdrlauf, Elham"]
[Black "Lye, Sverre"]
[Result "1-0"]
[WhiteElo "2527"]
[BlackElo "2063"]
[PlyCount "105"]
[EventDate "2023.02.22"]
[EventType "swiss"]
[EventRounds "9"]
[EventCountry "NOR"]
[SourceTitle "CBM 212 Extra"]
[Source "ChessBase"]
[SourceDate "2023.03.31"]
[SourceVersion "1"]
[SourceVersionDate "2023.03.31"]
[SourceQuality "1"]

1. e4 c5 2. Nf3 Nc6 3. c3 Nf6 4. e5 Nd5 5. Bc4 Nb6 6. Bb3 d5 7. exd6 Qxd6 8. 0-0 Be6 9. Bxe6 Qxe6 10. d4 cxd4 11. cxd4 Qd7 12. Nc3 e6 13. Qe2 Be7 14. Bf4 Nd5 15. Bg3 0-0 16. Rad1 Rac8 17. Ne4 b6 18. Ne5 Nxe5 19. dxe5 Qa4 20. b3 Qa5 21. Qf3 Nc3 22. Rd7 Nxe4 23. Qxe4 Bc5 24. Qe2 Rcd8 25. Rfd1 Rxd7 26. Rxd7 Qa3 27. Bf4 a5 28. g3 Qb4 29. Kg2 a4 30. Qd3 Qe1 31. Qf3 Qa1 32. Qe2 a3 33. Rd1 Qb2 34. Rd2 Qb1 35. Qc4 h6 36. h4 Ra8 37. Qe2 Rc8 38. Rd1 Qb2 39. Rd2 Qb1 40. Qf3 Bb4 41. Rd7 Rf8 42. Bxh6 Qf5 43. Qxf5 exf5 44. Be3 Rc8 45. Rd4 Bc3 46. Rc4 Rxc4 47. bxc4 Bxe5 48. Bxb6 Bb2 49. Kf3 Kf8 50. Ke3 g6 51. Bd4 Bc1+ 52. Kd3 Ke8 53. f4 1-0

[Event "Kragero op"]
[Site "Kragero"]
[Date "2023.02.22"]
[Round "1"]
[White "Hamitevici, Vladimir"]
[Black "Lye, Sverre"]
[Result "1-0"]
[WhiteElo "2499"]
[BlackElo "2063"]
[PlyCount "113"]
[EventDate "2023.02.22"]
[EventType "swiss"]
[EventRounds "9"]
[EventCountry "NOR"]
[SourceTitle "CBM 212 Extra"]
[Source "ChessBase"]
[SourceDate "2023.03.31"]
[SourceVersion "1"]
[SourceVersionDate "2023.03.31"]
[SourceQuality "1"]

1. e4 c5 2. Nf3 Nc6 3. Bb5 e5 4. 0-0 Bd6 5. c3 a6 6. Ba4 b5 7. Bc2 Nge7 8. a4 Bb7 9. Na3 0-0 10. Nh4 Bc7 11. Rb1 b4 12. Nc4 d5 13. exd5 Nxd5 14. Qh5 g6 15. Qh6 e4 16. d3 exd3 17. Bxd3 Qf6 18. Be4 Bf4 19. Bxf4 Nxf4 20. Rfe1 Rfe8 21. Re3 Na5 22. Nd2 Nc4 23. Bxb7 Nxe3 24. fxe3 Ne2+ 25. Kh1 Rab8 26. Rf1 Qg7 27. Qxg7+ Kxg7 28. Bxa6 bxc3 29. Bxe2 cxd2 30. Bb5 Rbd8 31. Rd1 Rxe3 32. Nf3 Rb3 33. Kg1 Rxb2 34. Kf2 Ra2 35. Ne5 Rd4 36. Nc4 Rc2 37. Ne3 Rc3 38. Nf1 Rc2 39. Ke3 Rc3+ 40. Ke2 Ra3 41. Rxd2 Re4+ 42. Kf2 Rf4+ 43. Kg1 c4 44. g3 Rff3 45. Kg2 Rfc3 46. Kf2 Rc1 47. Ne3 c3 48. Re2 Raa1 49. g4 Rh1 50. Kf3 Ra3 51. Ke4 Rb1 52. Kd3 Rb2 53. Rc2 Kh6 54. h4 Rab3 55. Rxc3 Rb4 56. Rc6 Rh2 57. Nf5# 1-0

[Event "Kragero op"]
[Site "Kragero"]
[Date "2023.02.22"]
[Round "2"]
[White "Lye, Sverre"]
[Black "Olde, Grete"]
[Result "1-0"]
[WhiteElo "2063"]
[BlackElo "1899"]
[PlyCount "57"]
[EventDate "2023.02.22"]
[EventType "swiss"]
[EventRounds "9"]
[EventCountry "NOR"]
[SourceTitle "CBM 212 Extra"]
[Source "ChessBase"]
[SourceDate "2023.03.31"]
[SourceVersion "1"]
[SourceVersionDate "2023.03.31"]
[SourceQuality "1"]

1. e4 e5 2. Nf3 Nc6 3. Bb5 a6 4. Ba4 Nf6 5. d3 b5 6. Bb3 Be7 7. a4 Rb8 8. axb5 axb5 9. Nc3 d6 10. Nd5 0-0 11. c3 b4 12. 0-0 bxc3 13. bxc3 Bb7 14. Re1 Ra8 15. Rxa8 Bxa8 16. d4 exd4 17. cxd4 Na5 18. Nxe7+ Qxe7 19. Bc2 d5 20. e5 Nd7 21. Ng5 h6 22. Nf3 f5 23. exf6 Qxf6 24. Qd3 Rd8 25. Qh7+ Kf7 26. Ne5+ Nxe5 27. Rxe5 Qc6 28. Rf5+ Ke6 29. Qxg7 1-0

[Event "Nordic-ch U15"]
[Site "Helsingborg"]
[Date "2022.08.28"]
[Round "6"]
[White "Eliseev, Sergey1111"]
[Black "Lye, Sverre"]
[Result "0-1"]
[WhiteElo "2014"]
[BlackElo "1963"]
[PlyCount "82"]
[EventDate "2022.08.26"]
[EventType "swiss"]
[EventRounds "6"]
[EventCountry "SWE"]
[SourceTitle "EXT 2023"]
[Source "ChessBase"]
[SourceDate "2022.10.05"]
[SourceVersion "1"]
[SourceVersionDate "2022.10.05"]
[SourceQuality "1"]

1. e4 c5 2. Nc3 Nc6 3. Nge2 e5 4. Nd5 d6 5. Nec3 Be6 6. Bc4 g6 7. d3 Bg7 8. h4 h6 9. Be3 Qd7 10. a3 Nf6 11. Qf3 Ng4 12. Nc7+ Qxc7 13. Nb5 Qe7 14. Bxe6 Nf6 15. Bb3 Nd4 16. Bxd4 cxd4 17. a4 0-0 18. g4 a6 19. Na3 b5 20. h5 d5 21. hxg6 Qb4+ 22. Ke2 bxa4 23. g5 axb3 24. gxh6 fxg6 25. Qg3 Ra7 26. Qxg6 Raf7 27. hxg7 Rxg7 28. Qh6 Ng4 29. Qe6+ Rff7 30. Rag1 Qe7 31. Qc8+ Qf8 32. Qxf8+ Kxf8 33. f3 Ne3 34. cxb3 dxe4 35. fxe4 Rxg1 36. Rxg1 Rb7 37. Nc4 Nxc4 38. bxc4 Rxb2+ 39. Ke1 Rb1+ 40. Kf2 Rxg1 41. Kxg1 a5 0-1

[Event "Nordic-ch U15"]
[Site "Helsingborg"]
[Date "2022.08.28"]
[Round "5"]
[White "Nielsen Refs, Karl Emil Elmer"]
[Black "Lye, Sverre"]
[Result "0-1"]
[WhiteElo "2057"]
[BlackElo "1963"]
[PlyCount "82"]
[EventDate "2022.08.26"]
[EventType "swiss"]
[EventRounds "6"]
[EventCountry "SWE"]
[SourceTitle "EXT 2023"]
[Source "ChessBase"]
[SourceDate "2022.10.05"]
[SourceVersion "1"]
[SourceVersionDate "2022.10.05"]
[SourceQuality "1"]

1. d4 Nf6 2. c4 c5 3. d5 b5 4. cxb5 a6 5. bxa6 e6 6. Nc3 exd5 7. Nxd5 Be7 8. Nxe7 Qxe7 9. g3 Bxa6 10. Bg2 d5 11. e3 Nc6 12. Ne2 0-0 13. 0-0 Nb4 14. a3 Nd3 15. Qc2 Rab8 16. Rd1 c4 17. Nf4 Qe5 18. Qa4 Bb5 19. Qc2 Ne4 20. Nxd3 cxd3 21. Qb1 Rfc8 22. f3 Nd6 23. a4 Bc4 24. b4 Nf5 25. f4 Qe7 26. Bd2 Nxe3 27. Re1 d4 28. b5 Qa7 29. Be4 Nc2 30. Rc1 Nxa1 31. Qxa1 Re8 32. Rxc4 Rxe4 33. a5 Re2 34. Qc1 Qb7 35. Rc6 Qxb5 36. a6 Qd5 37. Rc8+ Re8 38. Rc7 Qa2 39. Kg2 Qxa6 40. Rd7 Rbc8 41. Qd1 Qc6+ 0-1

[Event "Norway Chess op-A"]
[Site "Stavanger"]
[Date "2022.06.07"]
[Round "6"]
[White "Omtvedt, Aleksander"]
[Black "Lye, Sverre"]
[Result "0-1"]
[WhiteElo "1914"]
[BlackElo "2033"]
[PlyCount "100"]
[EventDate "2022.06.03"]
[EventType "swiss"]
[EventRounds "9"]
[EventCountry "NOR"]
[SourceTitle "CBM 208 Extra"]
[Source "ChessBase"]
[SourceDate "2022.07.31"]
[SourceVersion "1"]
[SourceVersionDate "2022.07.31"]
[SourceQuality "1"]

1. d4 Nf6 2. Nf3 d5 3. c4 e6 4. cxd5 exd5 5. Nc3 Bb4 6. e3 0-0 7. a3 Bd6 8. Be2 Bf5 9. b4 Nbd7 10. Qb3 c6 11. Bb2 Ne4 12. a4 Qf6 13. b5 a6 14. Nxe4 dxe4 15. Nd2 axb5 16. axb5 Rxa1+ 17. Bxa1 Qg6 18. g3 Bh3 19. Nc4 Ra8 20. Bb2 Bc7 21. b6 Bd8 22. f4 exf3 23. Bxf3 Qe6 24. Kf2 Nxb6 25. Rc1 Nxc4 26. Rxc4 Qf5 27. e4 Qa5 28. Rc2 Bb6 29. Bc3 Be6 30. Qb2 Qa2 31. Qc1 Qc4 32. Qd2 Rd8 33. Ke3 Qa4 34. Rb2 Bb3 35. Be2 Ba7 36. Rb1 c5 37. d5 c4+ 38. Kf3 Qd7 39. Kg2 Qe7 40. e5 Qc5 41. Bf3 Ba4 42. Rxb7 Bc6 43. Qg5 Rxd5 44. Rc7 Rd2+ 45. Kh3 Bd7+ 46. g4 Qxc7 47. Qxd2 h5 48. Qd5 Qc8 49. Be2 Bxg4+ 50. Kg3 Bxe2 0-1

[Event "Norway Chess op-A"]
[Site "Stavanger"]
[Date "2022.06.05"]
[Round "4"]
[White "Lye, Sverre"]
[Black "Aamodt, Peder Marcus"]
[Result "1/2-1/2"]
[WhiteElo "2033"]
[BlackElo "2055"]
[PlyCount "49"]
[EventDate "2022.06.03"]
[EventType "swiss"]
[EventRounds "9"]
[EventCountry "NOR"]
[SourceTitle "CBM 208 Extra"]
[Source "ChessBase"]
[SourceDate "2022.07.31"]
[SourceVersion "1"]
[SourceVersionDate "2022.07.31"]
[SourceQuality "1"]

1. e4 e5 2. Nf3 Nc6 3. Bb5 a6 4. Ba4 Nf6 5. 0-0 Be7 6. Re1 b5 7. Bb3 0-0 8. c3 d5 9. exd5 Nxd5 10. Nxe5 Nxe5 11. Rxe5 c6 12. d4 Bd6 13. Re1 Qh4 14. g3 Qh3 15. Qf3 Bg4 16. Qg2 Qh5 17. Be3 Rad8 18. Nd2 Rfe8 19. a4 Kh8 20. axb5 axb5 21. Ra6 Bh3 22. Qf3 Bg4 23. Qg2 Bh3 24. Qf3 Bg4 25. Qg2 1/2-1/2